00538nam a2200193Ia 4500008004100000020002200041040001900063041001200082082002500094100002000119245005100139260003600190300002400226440002000250504001900270650001800289700001900307850001800326131103s9999 xx 000 0 und d a590250906cRs.100 aLoreto College aEnglish aREF/RAPbLCBED/12432 aRaphael, Elaine aAncient RomecElaine Raphael and Don Bolognese aNew YorkbScholastic inc.c1989 a32p.b pic.c 24cm. aDrawing history aIncludes index aWorld history aBolognese, Don aLCBED/REF/RAP